Le socialisme francais face au marxisme
Saved in:
| Main Author: | |
|---|---|
| Format: | Book |
| Language: | French |
| Published: |
París
Bernard Grasset
1971
|
| Subjects: | |
| Tags: |
Add Tag
No Tags, Be the first to tag this record!
|
MARC
| LEADER | 00000nam a2200000 a 4500 | ||
|---|---|---|---|
| 001 | UCZ5731 | ||
| 003 | CL-VaPUC | ||
| 008 | 951124e19710000FR |||||||||||||||||fre|d | ||
| 082 | 0 | 4 | |a 335.2 |b ARO |2 21 |
| 100 | 0 | |a Aron, Robert |e author |9 349904 | |
| 245 | 1 | 3 | |a Le socialisme francais face au marxisme |
| 300 | |a 279 p | ||
| 942 | |c BK | ||
| 945 | |d 19951124 00:00:00 |a cmena | ||
| 260 | |a París |b Bernard Grasset |c 1971 | ||
| 600 | 0 | |a Descartes, René |e autor |9 265906 | |
| 600 | 0 | |a Marx, Karl Heinrich, |d 1818-1883 |9 861123 | |
| 650 | 7 | |a SISTEMAS POLITICOS |2 CL-VaPUC |9 349905 | |
| 650 | 0 | |a Socialismo |9 255260 | |
| 650 | 0 | |a Clase obrera |9 317035 | |
| 650 | 0 | |a Historia |9 255047 | |
| 583 | |a last modification |c 19951124 00:00:00 |k Rodrigo Vera | ||
| 999 | |c 242021 |d 242019 | ||
| 952 | |0 0 |1 0 |4 0 |6 335_200000000000000_ARO_1971 |7 0 |8 P |9 254689 |a BIBEDU |b BIBEDU |c BIBEDU_PB |d 2019-11-19 |i 1576577 |o 335.2 ARO 1971 |p 1576577 |r 2024-01-25 |w 2019-11-19 |y BK |k FIL | ||